书目信息 |
| 题名: |
见也难受不见也难受
|
|
| 作者: | 谭竹 著 | |
| 分册: | ||
| 出版信息: | 北京 作家出版社 2005.01 |
|
| 页数: | 278页 | |
| 开本: | 21cm | |
| 丛书名: | ||
| 单 册: | ||
| 中图分类: | I247.57 | |
| 科图分类: | ||
| 主题词: | 长篇小说--chang pian xiao shuo--中国--当代 | |
| 电子资源: | ||
| ISBN: | 7-5063-3151-9 | |
| 000 | 00754nam0 2200229 450 | |
| 001 | 012008955765 | |
| 005 | 20080423105018.50 | |
| 010 | @a7-5063-3151-9@dCNY18.00 | |
| 100 | @a20080423d2005 km y0chiy0120 ea | |
| 101 | 0 | @achi |
| 102 | @aCN@b110000 | |
| 105 | @ay z 000ay | |
| 106 | @ar | |
| 200 | 1 | @a见也难受不见也难受@Ajian ye nan shou bu jian ye nan shou@f谭竹著@Ftan zhu zhu |
| 210 | @a北京@c作家出版社@d2005.01 | |
| 215 | @a278页@d21cm | |
| 330 | @a从聊天室的网聊到现实中的见面,女记者经历了美好、惶惑甚至扑朔迷离。网络生活虚幻美丽,现实生活真实残酷。 | |
| 606 | 0 | @a长篇小说@Achang pian xiao shuo@y中国@z当代 |
| 690 | @aI247.57@v4 | |
| 701 | 0 | @a谭竹@Atan zhu@4著 |
| 801 | 0 | @aCN@bQSSK@c20080423 |
| 905 | @b20702086-88@dI247.57@eT148@f3 | |
| 见也难受不见也难受/谭竹著.-北京:作家出版社,2005.01 |
| 278页;21cm |
| ISBN 7-5063-3151-9:CNY18.00 |
| 从聊天室的网聊到现实中的见面,女记者经历了美好、惶惑甚至扑朔迷离。网络生活虚幻美丽,现实生活真实残酷。 |
| ● |
| 相关链接 |
|
|
|
正题名:见也难受不见也难受
索取号:I247.57/T148
 
预约/预借
| 序号 | 登录号 | 条形码 | 馆藏地/架位号 | 状态 | 备注 |
| 1 | 702086 | 207020864 | 社科二线422/422社科库 2排2列5层/ [索取号:I247.57/T148] | 在馆 | |
| 2 | 702087 | 207020873 | 社科二线400B/108文学库 52排4列4层/ [索取号:I247.57/T148] | 在馆 | |
| 3 | 702088 | 207020882 | 文学库108/ [索取号:I247.57/T148] | 在馆 |